Who Said It? - Futurama Quiz Stats

Quiz not verified by Sporcle

Challenge
Share
Tweet
Embed
Score 0/15 Timer 03:00
0 Plays Today
Quote Character % Correct
Yes! In your face, Gandhi!Bender
63%
I feel like I was mauled by Jesus.Fry
57.2%
When you do things right people won't be sure whether you've done anything at allGod
46.6%
Hmm, this love intrigues me. Teach me to fake it!Zoidberg
39.9%
Now all the planets are gonna start cracking wise about our mamasLeela
39.2%
Look, everyone wants to be like Germany, but do we really have the pure strength of will?Amy
34.2%
Come, Comrade Bender! We must take to the streets!Greeting Card
33.6%
Windmills do not work that way! Good night!Morbo
33%
Quote Character % Correct
What are you hacking off? Hermes
29%
Finally, I get to save the world with deadly lasers instead of deadly powerpoints.Al Gore
26.9%
You guys aren't Santa! You're not even robots. How dare you lie in front of Jesus?Mayor
26.1%
Your explanations are pure weapons grade balognium.Cubert
25.7%
In our darkest hour, we can stand erect, with proud upthrust bosoms.Richard
22.4%
Spare me your space age technobabble, Attila the Hun!Zapp Brannigan
21.9%
You, minion. Lift my arm. Beck
18.2%

You're not logged in!

Compare scores with friends on all Sporcle quizzes.
Join for Free
OR
Log In

You Might Also Like...

Show Comments

Extras

Top Quizzes Today


Score Distribution

Your Account Isn't Verified!

In order to create a playlist on Sporcle, you need to verify the email address you used during registration. Go to your Sporcle Settings to finish the process.

Report this User

Report this user for behavior that violates our Community Guidelines.

Details: